000 00652nam a2200241Ia 4500
003 OSt
005 20221005092038.0
006 a|||||r|||| 00| 0
007 ta
008 221004b |||||||| |||| 00| 0 eng d
024 _a19045
037 _bGift, 05/06/2015,
_cTextual
040 _aCRL
_cCRL
_beng
041 _2eng
_aeng
082 _aO111,3N31,1, L5
100 _aDoctorow E. L.
245 0 _aRagtime
260 _aNew York
_bRandom House U.S.A
_c1975
300 _a270p.
_ccm.
650 _aENGLISH LITERATURE
942 _hO111,3N31,1, L5
_cTEXL
_2cc
999 _c998238
_d998238